Metals Open Access Journal

Na minha lista:
Detalhes bibliográficos
Formato: Periódico
Idioma:inglês
Publicado em: Basel MDPI
Tags: Adicionar Tag
Sem tags, seja o primeiro a adicionar uma tag!

MARC

LEADER 00000nls a2200000 4500
001 0246691
005 20250701092112.9
022 |a 2075-4701 
041 0 |a eng 
044 |a CH 
245 1 0 |a Metals  |b Open Access Journal 
264 1 |a Basel  |b MDPI